Welcome to CU Library Online Public Access Catalogue (OPAC)

In search of management : (Record no. 5876)

MARC details
000 -LEADER
fixed length control field 00613pam a2200205 a 4500
001 - CONTROL NUMBER
control field 2052903
005 - DATE AND TIME OF LATEST TRANSACTION
control field 20250521100338.0
008 - FIXED-LENGTH DATA ELEMENTS--GENERAL INFORMATION
fixed length control field 931103s1994 enk b 001 0 eng
020 ## - INTERNATIONAL STANDARD BOOK NUMBER
International Standard Book Number 0415092302 (hbk)
020 ## - INTERNATIONAL STANDARD BOOK NUMBER
International Standard Book Number 0415092310 (pbk)
050 00 - LIBRARY OF CONGRESS CALL NUMBER
Classification number HD38
Item number .W375 1994
082 00 - DEWEY DECIMAL CLASSIFICATION NUMBER
Classification number 658
Edition information 20
100 1# - MAIN ENTRY--PERSONAL NAME
Personal name Watson, Tony J.
245 10 - TITLE STATEMENT
Title In search of management :
Remainder of title culture, chaos and control in managerial work /
Statement of responsibility, etc. Tony J. Watson.
260 ## - PUBLICATION, DISTRIBUTION, ETC.
Place of publication, distribution, etc. London ;
-- New York :
Name of publisher, distributor, etc. Routledge,
Date of publication, distribution, etc. 1994.
300 ## - PHYSICAL DESCRIPTION
Extent vii, 242 p. ;
Dimensions 25 cm.
650 #0 - SUBJECT ADDED ENTRY--TOPICAL TERM
Topical term or geographic name entry element Management.
650 #0 - SUBJECT ADDED ENTRY--TOPICAL TERM
Topical term or geographic name entry element Organizational effectiveness.
942 ## - ADDED ENTRY ELEMENTS (KOHA)
Source of classification or shelving scheme Library of Congress Classification
Koha item type Books
Suppress in OPAC No
999 ## -
-- 5876
-- 5876

No items available.

© 2023-2024 Copyright: Central University Libraries. All Rights Reserved | Created by: Mahone Tech Office